|
|
|
|
| LEADER |
00000nam0a2200000 4500 |
| 001 |
323254 |
| 005 |
20231102003543.0 |
| 010 |
|
|
|b 3100 экз.
|
| 035 |
|
|
|a (RuTPU)RU\TPU\book\348813
|
| 090 |
|
|
|a 323254
|
| 100 |
|
|
|a 20161013d1926 m y0rusy50 ca
|
| 101 |
0 |
|
|a rus
|
| 102 |
|
|
|a RU
|
| 105 |
|
|
|a y z 001zb
|
| 200 |
1 |
|
|a Петр Великий. Личность и деятельность
|f С. Ф. Платонов
|g обложка работы М. А. Кирнарского
|
| 210 |
|
|
|a Ленинград
|c Издательство "Время"
|d 1926
|
| 215 |
|
|
|a 113, [2] с.
|
| 316 |
|
|
|5 63413507: М-132175
|a На обложке владельческая подпись: "Бутаков"
|
| 317 |
|
|
|5 63413507: М-132175
|a Поступила в НТБ в 1970 г. в составе книжного собрания профессора ТПИ И. Н. Бутакова
|
| 320 |
|
|
|a Постраничные примечания
|
| 600 |
|
0 |
|a Петр Великий
|d I
|f 1672-1725
|c российский царь из династии Романовых (1682-1725)
|c первый российский император
|2 stltpush
|3 (RuTPU)RU\TPU\pers\365
|
| 606 |
1 |
|
|a Россия
|x История
|z 1682-1725
|2 stltpush
|3 (RuTPU)RU\TPU\subj\65224
|9 81823
|
| 610 |
1 |
|
|a 17 век
|
| 610 |
1 |
|
|a 18 век
|
| 610 |
1 |
|
|a исторические личности
|
| 610 |
1 |
|
|a государственные деятели
|
| 610 |
1 |
|
|a владельческая надпись
|
| 610 |
1 |
|
|a библиотека И. Н. Бутакова
|
| 686 |
|
|
|a Т3(2)511
|v LBC/SL-A
|2 rubbk
|
| 700 |
|
1 |
|a Платонов
|b С. Ф.
|c российский историк
|f 1860-1933
|g Сергей Федорович
|2 stltpush
|3 (RuTPU)RU\TPU\pers\8143
|9 1581
|
| 702 |
|
1 |
|a Кирнарский
|b М. А.
|4 140
|
| 801 |
|
1 |
|a RU
|b 63413507
|c 20161013
|
| 801 |
|
2 |
|a RU
|b 63413507
|c 20190724
|g RCR
|
| 942 |
|
|
|c BK
|